000
00254nam a2200085Ia 4500
245
0
_a
Doing research
100
_a
Lategan, Laetus O K. [Bloemfontein, South Africa], 2011 Rev. ed
_9
56610
942
_c
BK
008
210817s9999 xx 000 0 und d
999
_c
323156
_d
323155